00417nam a22001451a 4500020002100000040002600021050002000047245005300067260004300120300001900163500001500182600004200197600002900239852000300268 a056402242Xc0.00 aNEGST Library - Kenya aBS 325.G57 1951 aChuwo cha malagano masha ga Bwana wehu Jh[Text] aNairobibBible Society of Kenyacc1951 a509, 1-163 p.; a[Africana] aBible. N. T. Giryama language - Texts aGiryama language - Texts